[Event "Elite de Chambly"]
[Site "Chambly CAN"]
[Date "2025.05.21"]
[Round "4.16"]
[White "Coutu, Olivier"]
[Black "Roy, Nicholas"]
[Result "1-0"]
[WhiteElo "1222"]
[BlackElo "1052"]
[WhiteFideId "-1"]
[WhiteFideId "-1"]
[PlyCount "95"]
[GameId "2191150457226972"]
[EventDate "2025.04.30"]
[EventType "swiss"]
[EventRounds "7"]
[EventCountry "CAN"]

1. e3 f5 2. Nf3 Nf6 3. Be2 e6 4. d4 Be7 5. O-O O-O 6. c4 d6 7. Nc3 Ne4 8. Bd3 Nxc3 9. bxc3 a5 10. e4 e5 11. dxe5 dxe5 12. Nxe5 Nd7 13. Nxd7 Bxd7 14. e5 Bg5 15. f4 Be7 16. Rb1 Bc5+ 17. Kh1 Bc6 18. Qe2 Qe8 19. Be3 Bxe3 20. Qxe3 Qg6 21. Qg3 Rad8 22. Qxg6 hxg6 23. Rfd1 Kf7 24. Be2 Ke7 25. Bf3 Rxd1+ 26. Rxd1 Bxf3 27. gxf3 Rd8 28. Rxd8 Kxd8 29. Kg2 Ke7 30. a4 Ke6 31. Kh3 g5 32. fxg5 Kxe5 33. Kg3 b5 34. cxb5 Kd5 35. h4 Kc4 36. h5 Kxc3 37. h6 gxh6 38. gxh6 Kb4 39. h7 Kxa4 40. h8=Q Kxb5 41. Qc3 c5 42. Kf4 c4 43. Ke5 a4 44. Kd4 Kc6 45. Qxc4+ Kd6 46. Qxa4 Ke6 47. Qc6+ Kf7 48. Ke5 1-0

[Event "Elite de Chambly"]
[Site "Chambly CAN"]
[Date "2025.05.21"]
[Round "4.17"]
[White "Matmati, Jed"]
[Black "Lauzon, Francois"]
[Result "0-1"]
[WhiteElo "870"]
[BlackElo "1153"]
[WhiteFideId "-1"]
[WhiteFideId "-1"]
[PlyCount "62"]
[GameId "2191150457226973"]
[EventDate "2025.04.30"]
[EventType "swiss"]
[EventRounds "7"]
[EventCountry "CAN"]

1. d4 Nf6 2. b3 d5 3. e3 Nc6 4. Ba3 a6 5. g3 b5 6. Bh3 b4 7. Bc1 e5 8. dxe5 Nxe5 9. a3 Bb7 10. Nf3 Bd6 11. e4 dxe4 12. Nxe5 Bxe5 13. O-O Bxa1 14. Re1 Bd4 15. Qd2 O-O 16. Rd1 Bb6 17. Qxd8 Raxd8 18. Rxd8 Rxd8 19. axb4 Rd1+ 20. Kg2 Rxc1 21. Nc3 Rxc2 22. Nxe4 Nxe4 23. Kf3 Ng5+ 24. Kf4 Nxh3+ 25. Kg4 Nxf2+ 26. Kf4 Rd2 27. b5 axb5 28. Kf5 Bc8+ 29. Ke5 f6+ 30. Kf4 g5+ 31. Kf3 Bb7# 0-1

[Event "Elite de Chambly"]
[Site "Chambly CAN"]
[Date "2025.06.04"]
[Round "5.1"]
[White "Cournoyer, Raphael"]
[Black "Tse, Chun Wing"]
[Result "1-0"]
[WhiteElo "1776"]
[BlackElo "1671"]
[WhiteFideId "-1"]
[WhiteFideId "-1"]
[PlyCount "53"]
[GameId "2191150457226975"]
[EventDate "2025.04.30"]
[EventType "swiss"]
[EventRounds "7"]
[EventCountry "CAN"]

1. d4 Nf6 2. Nf3 g6 3. g3 Bg7 4. Bg2 O-O 5. O-O d6 6. c4 c5 7. Nc3 Nc6 8. dxc5 dxc5 9. Be3 Be6 10. Bxc5 Qa5 11. Be3 Bxc4 12. Nd4 Nxd4 13. Qxd4 Be6 14. Qc5 Qd8 15. Rfd1 Nd7 16. Qa3 Bxc3 17. Qxc3 Qc8 18. Qa3 Re8 19. Rac1 Qb8 20. Bf4 Ne5 21. Rc5 f6 22. Bxe5 fxe5 23. Rb5 Rd8 24. Rc1 Rd7 25. b3 a6 26. Rb6 Kf7 27. Rxe6 1-0

[Event "Elite de Chambly"]
[Site "Chambly CAN"]
[Date "2025.06.04"]
[Round "5.2"]
[White "Longpre, Martin"]
[Black "Cousineau, Francois"]
[Result "0-1"]
[WhiteElo "1582"]
[BlackElo "1761"]
[WhiteFideId "-1"]
[WhiteFideId "-1"]
[PlyCount "61"]
[GameId "2191150457226976"]
[EventDate "2025.04.30"]
[EventType "swiss"]
[EventRounds "7"]
[EventCountry "CAN"]

1. e4 c5 2. d4 cxd4 3. Qxd4 Nc6 4. Qd3 Nf6 5. Nc3 d6 6. Nd5 e6 7. Nxf6+ Qxf6 8. Nf3 Bd7 9. c3 Ne5 10. Nxe5 Qxe5 11. Be3 Bc6 12. f3 f6 13. Be2 Be7 14. Qc2 O-O 15. Kf2 f5 16. Bd4 Qf4 17. exf5 Rxf5 18. g3 Qh6 19. Kg2 Raf8 20. Rhf1 b6 21. Bg1 e5 22. Rf2 Qf6 23. Raf1 d5 24. b4 Qe6 25. a3 Bd7 26. f4 d4 27. fxe5 Rxf2+ 28. Bxf2 Qd5+ 29. Kg1 Bc6 30. Bc4 Qxc4 31. Rc1 0-1

[Event "Elite de Chambly"]
[Site "Chambly CAN"]
[Date "2025.06.04"]
[Round "5.3"]
[White "Kerhuel-Lefebvre, Stephane"]
[Black "Despres, Alain"]
[Result "1-0"]
[WhiteElo "1665"]
[BlackElo "1440"]
[WhiteFideId "-1"]
[WhiteFideId "-1"]
[PlyCount "69"]
[GameId "2191150457226977"]
[EventDate "2025.04.30"]
[EventType "swiss"]
[EventRounds "7"]
[EventCountry "CAN"]

1. d4 d5 2. Nf3 e6 3. g3 Nf6 4. Bg2 c5 5. O-O Nc6 6. c3 cxd4 7. Nxd4 Nxd4 8. Qxd4 Bd6 9. Bg5 h6 10. Bxf6 Qxf6 11. Rd1 Qxd4 12. Rxd4 b5 13. e4 Bc5 14. Rd1 Bb7 15. b4 Bb6 16. Na3 a6 17. exd5 e5 18. c4 Bd4 19. Rxd4 exd4 20. c5 O-O 21. Rd1 Rad8 22. Rxd4 Rfe8 23. Kf1 Re5 24. d6 Bxg2+ 25. Kxg2 Re6 26. Nc2 Kf8 27. Ne3 g6 28. a3 Ke8 29. Nd5 Kd7 30. Nc7 Rf6 31. Nxa6 Ra8 32. Nc7 Rxa3 33. Nxb5 Rff3 34. Rd2 Rab3 35. Na7 1-0

[Event "Elite de Chambly"]
[Site "Chambly CAN"]
[Date "2025.06.04"]
[Round "5.4"]
[White "Lemieux, Serge"]
[Black "Poulin, Emile"]
[Result "0-1"]
[WhiteElo "1368"]
[BlackElo "1461"]
[WhiteFideId "-1"]
[WhiteFideId "-1"]
[PlyCount "42"]
[GameId "2191150457226978"]
[EventDate "2025.04.30"]
[EventType "swiss"]
[EventRounds "7"]
[EventCountry "CAN"]

1. d4 c5 2. c3 Nf6 3. Nf3 e6 4. Nbd2 d5 5. e3 Bd6 6. dxc5 Bxc5 7. Ne5 O-O 8. Be2 Nc6 9. Ndf3 Qc7 10. Nxc6 bxc6 11. b4 Bd6 12. h3 a5 13. Bd2 Ne4 14. Bd3 f5 15. bxa5 e5 16. Be2 f4 17. exf4 Nxd2 18. Qxd2 Rxf4 19. g3 Rf6 20. Rd1 e4 21. Nh2 Bxg3 0-1

[Event "Elite de Chambly"]
[Site "Chambly CAN"]
[Date "2025.06.04"]
[Round "5.5"]
[White "Pincince, Jacques"]
[Black "Alameddine, Karim"]
[Result "1-0"]
[WhiteElo "1388"]
[BlackElo "1273"]
[WhiteFideId "-1"]
[WhiteFideId "-1"]
[PlyCount "57"]
[GameId "2191150457226979"]
[EventDate "2025.04.30"]
[EventType "swiss"]
[EventRounds "7"]
[EventCountry "CAN"]

1. e4 e5 2. Nc3 c6 3. Bc4 d6 4. d3 h6 5. h3 Nf6 6. Nge2 g6 7. O-O Bg7 8. a4 a6 9. Be3 d5 10. exd5 cxd5 11. Bc5 dxc4 12. dxc4 Qc7 13. Bd6 Qxc4 14. b3 Qe6 15. Nf4 Qf5 16. Re1 Nc6 17. Ncd5 Nxd5 18. Nxd5 Ra7 19. Nc7+ Kd8 20. Rb1 Bd7 21. b4 f6 22. b5 Na5 23. bxa6 Kc8 24. Qd5 Nc6 25. axb7+ Rxb7 26. Rxb7 Kxb7 27. Rb1+ Kc8 28. Qb5 Qe6 29. Nxe6 1-0

[Event "Elite de Chambly"]
[Site "Chambly CAN"]
[Date "2025.06.04"]
[Round "5.6"]
[White "Evenko, Kirill"]
[Black "Cossette, Richard"]
[Result "1/2-1/2"]
[WhiteElo "1194"]
[BlackElo "1790"]
[WhiteFideId "-1"]
[WhiteFideId "-1"]
[PlyCount "76"]
[GameId "2191150457226980"]
[EventDate "2025.04.30"]
[EventType "swiss"]
[EventRounds "7"]
[EventCountry "CAN"]

1. c4 d6 2. d4 g6 3. Nf3 Bg7 4. g3 Nf6 5. Bg2 O-O 6. O-O Nbd7 7. Nc3 c5 8. Bd2 cxd4 9. Nxd4 Qb6 10. Nb3 Ne5 11. Nd5 Nxd5 12. cxd5 Bf5 13. Bc3 Rac8 14. Re1 Ng4 15. Bd4 Bxd4 16. Qxd4 Qa6 17. e4 Bd7 18. Qd2 Qb6 19. h3 Ne5 20. Qd4 Qa6 21. f4 Nd3 22. Red1 Nc5 23. Nxc5 Rxc5 24. Bf1 b5 25. a4 Qc8 26. axb5 Bxh3 27. Qd3 Bg4 28. Be2 Bxe2 29. Qxe2 Rc2 30. Rd2 Qc5+ 31. Kg2 Rc8 32. Rxc2 Qxc2 33. Qxc2 Rxc2+ 34. Kf3 Rxb2 35. Rxa7 Rb3+ 36. Kg4 h5+ 37. Kh3 Kf8 38. Rb7 f6 1/2-1/2

[Event "Elite de Chambly"]
[Site "Chambly CAN"]
[Date "2025.06.04"]
[Round "5.7"]
[White "Milette, Patrick"]
[Black "De Guise, Ronald"]
[Result "1-0"]
[WhiteElo "1665"]
[BlackElo "1313"]
[WhiteFideId "-1"]
[WhiteFideId "-1"]
[PlyCount "61"]
[GameId "2191150457226981"]
[EventDate "2025.04.30"]
[EventType "swiss"]
[EventRounds "7"]
[EventCountry "CAN"]

1. Nf3 g6 2. c4 Bg7 3. g3 e5 4. Nc3 Ne7 5. Bg2 Nbc6 6. O-O O-O 7. d3 Nd4 8. Nxd4 exd4 9. Ne4 f5 10. Ng5 Rb8 11. h4 a6 12. b4 h6 13. Nh3 c6 14. Bf4 Ra8 15. Bd6 Rf6 16. c5 b6 17. Nf4 Kh7 18. Re1 Bb7 19. Rb1 Nc8 20. Be5 Rf7 21. Bxg7 Rxg7 22. Qc2 Ne7 23. Qc4 Qc7 24. Qxd4 b5 25. e4 a5 26. a3 a4 27. Bh3 Rd8 28. exf5 gxf5 29. Nh5 Rf7 30. Nf6+ Kg6 31. h5+ 1-0

[Event "Elite de Chambly"]
[Site "Chambly CAN"]
[Date "2025.06.04"]
[Round "5.8"]
[White "Kelly, Patrick"]
[Black "Hebert, Sebastien"]
[Result "1-0"]
[WhiteElo "1617"]
[BlackElo "1298"]
[WhiteFideId "-1"]
[WhiteFideId "-1"]
[PlyCount "71"]
[GameId "2191150457226982"]
[EventDate "2025.04.30"]
[EventType "swiss"]
[EventRounds "7"]
[EventCountry "CAN"]

1. e4 e5 2. Bc4 Nc6 3. Nc3 Nf6 4. d3 Bc5 5. f4 d6 6. f5 Na5 7. Bb5+ c6 8. Ba4 b5 9. Bb3 Nxb3 10. axb3 Qb6 11. Nh3 h6 12. Qe2 a6 13. Nd1 Qc7 14. Nhf2 Bb7 15. O-O O-O-O 16. c4 Kb8 17. Bd2 g5 18. b4 Bd4 19. Be3 Bxe3 20. Nxe3 h5 21. cxb5 cxb5 22. Nfd1 g4 23. Nc3 Qb6 24. Kh1 Rdg8 25. Ra5 Rc8 26. Rfa1 Qd4 27. Nc2 Qb6 28. Ne3 Qd4 29. Nc2 Qb6 30. Qe3 Qc6 31. Na3 Rcg8 32. Rc1 Rc8 33. Naxb5 axb5 34. Qa7+ Kc7 35. Nxb5+ Kd7 36. Rxc6 1-0

[Event "Elite de Chambly"]
[Site "Chambly CAN"]
[Date "2025.06.04"]
[Round "5.9"]
[White "Bedard, Michel"]
[Black "Doyon, Martin"]
[Result "1-0"]
[WhiteElo "1465"]
[BlackElo "1291"]
[WhiteFideId "-1"]
[WhiteFideId "-1"]
[PlyCount "71"]
[GameId "2191150457226983"]
[EventDate "2025.04.30"]
[EventType "swiss"]
[EventRounds "7"]
[EventCountry "CAN"]

1. d4 Nf6 2. Nc3 g6 3. Bf4 d6 4. Qd2 Bf5 5. f3 Nc6 6. e4 Bd7 7. d5 Ne5 8. Nge2 c6 9. O-O-O Nc4 10. Qd3 b5 11. dxc6 Bxc6 12. Nd4 Qb6 13. Nxc6 Qxc6 14. Nxb5 Qxb5 15. Qxc4 Qxc4 16. Bxc4 Bg7 17. e5 dxe5 18. Bxe5 O-O 19. Rd3 Rfd8 20. Rhd1 Rxd3 21. Rxd3 Ne8 22. Bxg7 Kxg7 23. Bd5 Rd8 24. Be4 Rxd3 25. Bxd3 Nd6 26. Kd2 Kf6 27. Ke3 h6 28. c4 Ke6 29. b4 Kd7 30. Kd4 Kc7 31. c5 Nb7 32. Be4 e6 33. Bxb7 Kxb7 34. Ke5 Kc6 35. Kf6 Kb5 36. a3 1-0

[Event "Elite de Chambly"]
[Site "Chambly CAN"]
[Date "2025.06.04"]
[Round "5.10"]
[White "St-Laurent, Luc"]
[Black "Laplante, Germain"]
[Result "1-0"]
[WhiteElo "1332"]
[BlackElo "1193"]
[WhiteFideId "-1"]
[WhiteFideId "-1"]
[PlyCount "99"]
[GameId "2191150457226984"]
[EventDate "2025.04.30"]
[EventType "swiss"]
[EventRounds "7"]
[EventCountry "CAN"]

1. d4 c6 2. Nf3 d5 3. g3 h6 4. Bg2 Bf5 5. c4 e6 6. Nc3 Nf6 7. Qb3 Qb6 8. c5 Qxb3 9. axb3 Nbd7 10. h3 Ne4 11. Nd2 Nxd2 12. Bxd2 Nf6 13. g4 Bg6 14. Bf4 Be7 15. O-O O-O 16. f3 a5 17. e4 dxe4 18. fxe4 Nd7 19. Bc7 Nxc5 20. dxc5 Bxc5+ 21. Kh2 b6 22. Na4 Bd4 23. Bxb6 Be5+ 24. Kh1 Rfb8 25. Rf2 Ra6 26. Be3 Rxb3 27. Nc5 Rxe3 28. Nxa6 Bxe4 29. Bxe4 Rxe4 30. Nc5 Rc4 31. Rxa5 Bd4 32. Nd3 Bxf2 33. Nxf2 Rc2 34. Nd3 Rd2 35. Ne5 Rxb2 36. Nxc6 f6 37. Nd4 e5 38. Nf5 e4 39. Ra7 Re2 40. Rxg7+ Kf8 41. Re7 Rf2 42. Rxe4 Kf7 43. Nxh6+ Kg6 44. Nf5 Rxf5 45. gxf5+ Kxf5 46. Rg4 Ke6 47. h4 Kf5 48. Rg8 Ke6 49. h5 Kf7 50. Rg2 1-0

[Event "Elite de Chambly"]
[Site "Chambly CAN"]
[Date "2025.06.04"]
[Round "5.11"]
[White "Parenteau, Francois"]
[Black "Coutu, Olivier"]
[Result "1-0"]
[WhiteElo "1768"]
[BlackElo "1222"]
[WhiteFideId "-1"]
[WhiteFideId "-1"]
[PlyCount "45"]
[GameId "2191150457226985"]
[EventDate "2025.04.30"]
[EventType "swiss"]
[EventRounds "7"]
[EventCountry "CAN"]

1. d4 Nf6 2. c4 e6 3. Nf3 d5 4. Nc3 Bb4 5. e3 Nc6 6. Bd3 Qe7 7. O-O Bxc3 8. bxc3 e5 9. cxd5 Nxd5 10. Qc2 Nf6 11. e4 Bg4 12. Nxe5 Nxe5 13. dxe5 Qxe5 14. Be3 O-O 15. Bd4 Qe6 16. e5 Nd7 17. f4 f5 18. exf6 Nxf6 19. Rae1 Qd6 20. h3 Bh5 21. g4 Bxg4 22. hxg4 Nxg4 23. Bc4+ 1-0

[Event "Elite de Chambly"]
[Site "Chambly CAN"]
[Date "2025.06.04"]
[Round "5.12"]
[White "Lauzon, Francois"]
[Black "Dubreuil, Raymond"]
[Result "0-1"]
[WhiteElo "1153"]
[BlackElo "1464"]
[WhiteFideId "-1"]
[WhiteFideId "-1"]
[PlyCount "92"]
[GameId "2191150457226986"]
[EventDate "2025.04.30"]
[EventType "swiss"]
[EventRounds "7"]
[EventCountry "CAN"]

1. d4 Nf6 2. c4 d5 3. cxd5 Nxd5 4. e4 Nf6 5. Nf3 Bg4 6. Nc3 e6 7. h3 Bh5 8. Be2 Bb4 9. O-O Bxc3 10. bxc3 Nxe4 11. Bb2 O-O 12. Qc2 Bg6 13. Bd3 Ng5 14. Bxg6 Nxf3+ 15. gxf3 fxg6 16. Kg2 Qg5+ 17. Kh2 Qf4+ 18. Kg1 Qxf3 19. Rae1 Qxh3 20. Re3 Qf5 21. Qe2 Qg5+ 22. Rg3 Qf5 23. c4 Nc6 24. Re3 Rae8 25. d5 Nd8 26. Re5 Qf3 27. dxe6 Qxe2 28. Rxe2 Rxe6 29. Rd2 Rd6 30. Rc2 Rf3 31. Kg2 Rfd3 32. Be5 Rd7 33. c5 Nc6 34. Bg3 Nb4 35. Rb2 a5 36. Re1 Kf7 37. Bh4 R3d5 38. Rbe2 Nc6 39. Re3 Rxc5 40. Rf3+ Rf5 41. Rfe3 g5 42. Bxg5 Rxg5+ 43. Kh3 Rd6 44. Rf3+ Rf6 45. Rxf6+ Kxf6 46. Rd1 Ke6 0-1

[Event "Elite de Chambly"]
[Site "Chambly CAN"]
[Date "2025.06.04"]
[Round "5.13"]
[White "Monette, Andre"]
[Black "Taylor, Paul"]
[Result "0-1"]
[WhiteElo "1133"]
[BlackElo "1392"]
[WhiteFideId "-1"]
[WhiteFideId "-1"]
[PlyCount "72"]
[GameId "2191150457226987"]
[EventDate "2025.04.30"]
[EventType "swiss"]
[EventRounds "7"]
[EventCountry "CAN"]

1. e4 Nc6 2. Nf3 d6 3. h3 g6 4. c3 Nf6 5. d3 Bg7 6. Be2 Bd7 7. Be3 Qc8 8. Na3 a6 9. Qd2 Be6 10. Bh6 O-O 11. Bxg7 Kxg7 12. b3 Na5 13. c4 b6 14. Ng5 c5 15. Nc2 Nc6 16. f4 h6 17. h4 Bg4 18. Bf3 hxg5 19. hxg5 Nh5 20. Bxg4 Qxg4 21. Ne3 Qg3+ 22. Qf2 Qxf2+ 23. Kxf2 Nxf4 24. Rad1 Rh8 25. Rh6 Rxh6 26. gxh6+ Kxh6 27. Rh1+ Kg7 28. Kf3 Nxd3 29. Nd5 Nce5+ 30. Ke2 Nb4 31. Nxb6 Rb8 32. Nd5 Nxa2 33. Nxe7 Rxb3 34. Nd5 Rb2+ 35. Ke3 Nxc4+ 36. Kf4 Rxg2 0-1

[Event "Elite de Chambly"]
[Site "Chambly CAN"]
[Date "2025.06.04"]
[Round "5.15"]
[White "Bonin, Francis"]
[Black "Raymond, Pierre"]
[Result "1-0"]
[WhiteElo "1306"]
[BlackElo "1108"]
[WhiteFideId "-1"]
[WhiteFideId "-1"]
[PlyCount "137"]
[GameId "2191150457226989"]
[EventDate "2025.04.30"]
[EventType "swiss"]
[EventRounds "7"]
[EventCountry "CAN"]

1. e4 e5 2. Nf3 Nc6 3. Bc4 Nf6 4. Nc3 Bc5 5. d3 d6 6. Nd5 Ng4 7. Be3 Nxe3 8. fxe3 Na5 9. b4 Nxc4 10. bxc5 Nb2 11. Qc1 Na4 12. cxd6 cxd6 13. O-O Be6 14. c4 Rc8 15. Qa3 Nc5 16. Nb4 a5 17. Nc2 O-O 18. Nd2 b6 19. d4 Nb7 20. d5 Bg4 21. Qc3 Qg5 22. Nf3 Qh6 23. h3 Bxf3 24. Rxf3 Nc5 25. Na3 Nxe4 26. Qe1 Qg6 27. Rc1 f5 28. Nb5 Rcd8 29. Qh4 Nd2 30. Rg3 Qf6 31. Qxf6 Rxf6 32. h4 Ne4 33. Rf3 f4 34. exf4 Rxf4 35. Rxf4 exf4 36. Rf1 Ng3 37. Rf3 Rc8 38. Nxd6 Rc7 39. Kh2 Ne2 40. Rf2 Nc3 41. Rxf4 Nxa2 42. Re4 g6 43. Nb5 Rf7 44. d6 Nb4 45. Rd4 Rd7 46. Rd2 Nc6 47. Nc7 Ne5 48. c5 bxc5 49. Ne6 c4 50. Nc5 Rd8 51. Rd5 Ng4+ 52. Kg3 Ne3 53. Re5 Nf5+ 54. Kh3 Rxd6 55. Ne4 Rd3+ 56. Kh2 c3 57. Rxa5 c2 58. Ra8+ Kg7 59. Rc8 Ne3 60. Rc7+ Kh6 61. Nf6 g5 62. h5 Ng4+ 63. Nxg4+ Kxh5 64. Nf6+ Kg6 65. Ne4 Re3 66. Rc6+ Kf5 67. Ng3+ Kf4 68. Rxc2 Rxg3 69. Rc4+ 1-0

[Event "Elite de Chambly"]
[Site "Chambly CAN"]
[Date "2025.06.04"]
[Round "5.17"]
[White "Choquette, Maxime"]
[Black "Capotorto, Michele"]
[Result "1-0"]
[WhiteElo "1602"]
[BlackElo "934"]
[WhiteFideId "-1"]
[WhiteFideId "-1"]
[PlyCount "67"]
[GameId "2191150457226991"]
[EventDate "2025.04.30"]
[EventType "swiss"]
[EventRounds "7"]
[EventCountry "CAN"]

1. d4 d5 2. e3 c6 3. Bd3 Nf6 4. Nd2 e5 5. dxe5 Ng4 6. Ngf3 Bc5 7. b3 O-O 8. Bb2 Qe7 9. h3 Nh6 10. Qe2 Nd7 11. e4 b6 12. exd5 cxd5 13. O-O-O a5 14. Bb5 Bb7 15. Rhe1 Nf5 16. e6 fxe6 17. Qxe6+ Qxe6 18. Rxe6 Nf6 19. g4 Bc8 20. gxf5 Bxe6 21. fxe6 h5 22. Nd4 Rad8 23. Nf5 Kh7 24. Nf3 Ne4 25. N3h4 Kg8 26. Bxg7 Rxf5 27. Nxf5 Nxf2 28. Re1 Nxh3 29. e7 Rb8 30. e8=Q+ Rxe8 31. Bxe8 Ng5 32. Bg6 Nf3 33. Re8+ Bf8 34. Rxf8# 1-0

[Event "Elite de Chambly"]
[Site "Chambly CAN"]
[Date "2025.06.04"]
[Round "5.18"]
[White "Roy, Nicholas"]
[Black "Cote, Liam"]
[Result "1-0"]
[WhiteElo "1052"]
[BlackElo "950"]
[WhiteFideId "-1"]
[WhiteFideId "-1"]
[PlyCount "57"]
[GameId "2191150457226992"]
[EventDate "2025.04.30"]
[EventType "swiss"]
[EventRounds "7"]
[EventCountry "CAN"]

1. d4 Nc6 2. Nf3 e5 3. e3 b6 4. Bd3 g6 5. b3 Bb4+ 6. Nbd2 Qf6 7. Bb2 d5 8. O-O Nge7 9. a3 Ba5 10. Nxe5 Nxe5 11. dxe5 Qe6 12. f4 g5 13. b4 h5 14. Nf3 Qh6 15. Nxg5 Bg4 16. Qd2 O-O 17. h3 Bd7 18. bxa5 Nc6 19. axb6 cxb6 20. Rf3 f6 21. exf6 Rxf6 22. Bxf6 Qxf6 23. Bh7+ Kh8 24. Rd1 Qb2 25. Qxd5 Nb8 26. Qxa8 Qxc2 27. Bxc2 h4 28. Rxd7 a6 29. Qxb8# 1-0

[Event "Elite de Chambly"]
[Site "Chambly CAN"]
[Date "2025.06.11"]
[Round "6.1"]
[White "Cousineau, Francois"]
[Black "Cournoyer, Raphael"]
[Result "1/2-1/2"]
[WhiteElo "1761"]
[BlackElo "1776"]
[WhiteFideId "-1"]
[WhiteFideId "-1"]
[PlyCount "89"]
[GameId "2191150457226993"]
[EventDate "2025.04.30"]
[EventType "swiss"]
[EventRounds "7"]
[EventCountry "CAN"]

1. e4 c6 2. Nc3 d5 3. Nf3 dxe4 4. Nxe4 Nf6 5. Qe2 Bf5 6. Nxf6+ gxf6 7. d3 Qc7 8. Bd2 Nd7 9. O-O-O O-O-O 10. Nd4 Bg6 11. Nb3 e5 12. g3 Bd6 13. Bg2 h5 14. h4 Kb8 15. Ba5 b6 16. Bc3 Rhg8 17. Qf3 Rc8 18. Bh3 Rce8 19. Bxd7 Qxd7 20. Qxf6 Qe6 21. Qxe6 Rxe6 22. d4 e4 23. Bd2 Rge8 24. Be3 R6e7 25. a4 f5 26. a5 Kb7 27. Kd2 Bf7 28. Kc3 Rc8 29. Ra1 b5 30. Nc5+ Bxc5 31. dxc5 a6 32. Rad1 Bd5 33. Rd2 Kc7 34. Ra1 Rd7 35. Bf4+ Kd8 36. Rd4 Ke8 37. Kd2 Ra8 38. Ke3 Kf7 39. b3 Raa7 40. Bg5 Rab7 41. b4 Ke6 42. Kf4 Rg7 43. Re1 Rbf7 44. Ra1 Rb7 45. Re1 1/2-1/2

[Event "Elite de Chambly"]
[Site "Chambly CAN"]
[Date "2025.06.11"]
[Round "6.2"]
[White "Tse, Chun Wing"]
[Black "Longpre, Martin"]
[Result "1-0"]
[WhiteElo "1671"]
[BlackElo "1582"]
[WhiteFideId "-1"]
[WhiteFideId "-1"]
[PlyCount "97"]
[GameId "2191150457226994"]
[EventDate "2025.04.30"]
[EventType "swiss"]
[EventRounds "7"]
[EventCountry "CAN"]

1. d4 d5 2. c4 c6 3. Nf3 Nf6 4. Nbd2 Bf5 5. Nh4 Bg6 6. Qb3 Qc7 7. Nxg6 hxg6 8. g3 e6 9. Bg2 Nbd7 10. e4 dxe4 11. Nxe4 Nxe4 12. Bxe4 Qb6 13. Be3 Qxb3 14. axb3 Nf6 15. Bf3 Bb4+ 16. Ke2 a5 17. h4 O-O-O 18. Rhd1 Rd7 19. Rd3 Rhd8 20. Rad1 Ng8 21. h5 Ne7 22. hxg6 Nf5 23. gxf7 Nxe3 24. Rxe3 Rxf7 25. Bg4 Re7 26. Bxe6+ Kc7 27. f4 Rde8 28. d5 cxd5 29. cxd5 Kd6 30. Kf3 Rh8 31. Re2 Ree8 32. Rc2 Bc5 33. Kg4 Rh6 34. f5 Reh8 35. Rdd2 R8h7 36. Kf4 Rh3 37. Rxc5 Kxc5 38. d6 Rh8 39. d7 Rd8 40. Ke5 Rhh8 41. Rc2+ Kb6 42. Kd6 Rhe8 43. g4 g6 44. fxg6 Rh8 45. g7 Rhe8 46. g8=Q Rxg8 47. Bxg8 Rxg8 48. Rc8 Rxg4 49. d8=Q+ 1-0

[Event "Elite de Chambly"]
[Site "Chambly CAN"]
[Date "2025.06.11"]
[Round "6.3"]
[White "Poulin, Emile"]
[Black "Kerhuel-Lefebvre, Stephane"]
[Result "1-0"]
[WhiteElo "1461"]
[BlackElo "1665"]
[WhiteFideId "-1"]
[WhiteFideId "-1"]
[PlyCount "59"]
[GameId "2191150457226995"]
[EventDate "2025.04.30"]
[EventType "swiss"]
[EventRounds "7"]
[EventCountry "CAN"]

1. e4 c6 2. d4 d5 3. e5 c5 4. c3 Nc6 5. Bb5 Qb6 6. Na3 a6 7. dxc5 Qc7 8. Bxc6+ bxc6 9. Qd4 e6 10. Nf3 Ne7 11. b4 g6 12. O-O Bg7 13. Re1 O-O 14. Bf4 Bd7 15. Nc2 Rfb8 16. Qd2 Rb7 17. Ncd4 Rba7 18. Nb3 Qb7 19. a4 Kh8 20. a5 Kg8 21. Nbd4 Kf8 22. h4 Ng8 23. h5 Be8 24. h6 Bh8 25. Ng5 Nxh6 26. Ngxe6+ fxe6 27. Bxh6+ Ke7 28. Bg5+ Kd7 29. Qf4 Bg7 30. Re3 1-0

[Event "Elite de Chambly"]
[Site "Chambly CAN"]
[Date "2025.06.11"]
[Round "6.4"]
[White "Kelly, Patrick"]
[Black "Pincince, Jacques"]
[Result "1-0"]
[WhiteElo "1617"]
[BlackElo "1388"]
[WhiteFideId "-1"]
[WhiteFideId "-1"]
[PlyCount "73"]
[GameId "2191150457226996"]
[EventDate "2025.04.30"]
[EventType "swiss"]
[EventRounds "7"]
[EventCountry "CAN"]

1. e4 c5 2. Nc3 d6 3. Bb5+ Bd7 4. Bxd7+ Nxd7 5. d3 e6 6. f4 a6 7. Nf3 Ngf6 8. O-O Be7 9. Qe1 O-O 10. Nd1 Rc8 11. Ne3 b5 12. b3 Qb6 13. Kh1 Qc7 14. f5 c4 15. Ng5 cxd3 16. cxd3 Nc5 17. Qe2 h6 18. Nh3 d5 19. fxe6 fxe6 20. Nf4 dxe4 21. d4 e5 22. Ng6 exd4 23. Nf5 d3 24. Qe3 Ng4 25. Qh3 Qxh2+ 26. Qxh2 Nxh2 27. Nfxe7+ Kh7 28. Nxf8+ Kh8 29. Nxc8 Nxf1 30. Ba3 e3 31. Bxc5 e2 32. Bb4 Ne3 33. Bd2 Nf1 34. Ba5 Ne3 35. Ng6+ Kh7 36. Nf4 Nc2 37. Rc1 1-0

[Event "Elite de Chambly"]
[Site "Chambly CAN"]
[Date "2025.06.11"]
[Round "6.5"]
[White "Despres, Alain"]
[Black "Bedard, Michel"]
[Result "1-0"]
[WhiteElo "1440"]
[BlackElo "1465"]
[WhiteFideId "-1"]
[WhiteFideId "-1"]
[PlyCount "129"]
[GameId "2191150457226997"]
[EventDate "2025.04.30"]
[EventType "swiss"]
[EventRounds "7"]
[EventCountry "CAN"]

1. d4 d5 2. Nf3 Nf6 3. e3 Bg4 4. Nbd2 e6 5. Bd3 Be7 6. O-O O-O 7. c4 c6 8. Qc2 Nbd7 9. b3 Rc8 10. Bb2 b5 11. Ne5 g6 12. h3 Bf5 13. Bxf5 exf5 14. Nxd7 Qxd7 15. c5 Ne4 16. Nxe4 fxe4 17. f4 exf3 18. Rxf3 Rfe8 19. Raf1 f5 20. Bc1 Bg5 21. Qf2 Re4 22. g4 Rf8 23. Qg3 Qd8 24. gxf5 Bh4 25. Qg2 g5 26. Rf4 Rxf4 27. Rxf4 Kh8 28. Rf3 Rf6 29. Qh2 Qc8 30. Qe5 Qf8 31. e4 dxe4 32. Qxe4 Qf7 33. Bb2 Qd5 34. Qxd5 cxd5 35. Bc3 Kg8 36. a4 bxa4 37. bxa4 h5 38. Ba5 Ra6 39. Bd8 g4 40. Re3 Bxd8 41. Re8+ Kf7 42. Rxd8 Rxa4 43. Rxd5 g3 44. h4 Ra2 45. c6 Rc2 46. Rc5 Rh2 47. c7 Rxh4 48. c8=Q Re4 49. Rc7+ Kf6 50. Rc6+ Kg5 51. Rg6+ Kh4 52. Re6 Rxd4 53. Qc2 Kg5 54. f6 Rf4 55. Re5+ Kxf6 56. Qc5 h4 57. Qd6+ Kg7 58. Re7+ Rf7 59. Rxf7+ Kxf7 60. Qf4+ Ke6 61. Qxh4 Kd6 62. Qa4 Ke6 63. Qxa7 Kf5 64. Qd4 Kg5 65. Kg2 {Les deux joueurs Etaient en pression de temps. Ici, le coup illEgal 65.. .Rg4 a EtE jouE, mais aucun des deux joueurs ne l'a vu. La partie s'est pousuivie 66.Dg7+ Rh5 et les Noirs ont abandonnE.} 1-0